Tracez les côtes de l'Afro-Eurasie avec une carte - Statistiques

Statistiques générales
  • Ce quiz a été pris 42 278 fois
  • Le résultat moyen est 33 sur 105
Réponses sur la Carte
Les réponses sont colorées sur une échelle allant du rouge au vert en fonction du pourcentage des utilisateurs qui les ont devinées à leur premier essai. Vous pouvez retrouver ces pourcentages ci-dessous.
 
Statistiques - réponses
Countries % Correct
Russie (Arctique Asiatique)
100%
Corée du Nord (Mer du Japon)
68%
Corée du Sud
67%
Chine
49%
Viêt Nam
48%
Cambodge
47%
Corée du Nord (Mer Jaune)
47%
Thaïlande (Golfe de Thaïlande)
46%
Bangladesh
44%
Birmanie
44%
Inde
44%
Malaisie
44%
Pakistan
44%
Irak
43%
Iran
43%
Thaïlande (Mer d'Andaman)
43%
Arabie Saoudite (Golfe Persique, Nord)
42%
Arabie Saoudite (Golfe Persique, Sud)
42%
Koweït
42%
Qatar
42%
Oman (Détroit d'Hormuz)
38%
Arabie Saoudite (Mer Rouge)
37%
Yémen
37%
Egypte (Mer Rouge)
36%
Emirats Arabes Unis (Golfe Persique)
36%
Jordanie
36%
Oman (Mer d'Oman)
36%
Érythrée
35%
Israël (Golfe d'Aqaba)
35%
Somalie
35%
Soudan
35%
Afrique du Sud
34%
Djibouti
34%
Emirats Arabes Unis (Mer d'Oman)
34%
Kenya
34%
Mozambique
34%
Tanzanie
34%
Angola
33%
Namibie
33%
République démocratique du Congo
33%
Algérie
29%
Bénin
29%
Cameroun
29%
Côte d'Ivoire
29%
Gabon
29%
Ghana
29%
Guinée équatoriale
29%
Liberia
29%
Libye
29%
Maroc
29%
Mauritanie
29%
Nigeria
29%
Sénégal (Sud)
29%
Togo
29%
Tunisie
29%
Egypte (Mer Méditerranée)
28%
Gambie
28%
Guinée
28%
Guinée-Bissau
28%
Israël (Mer Méditerranée)
28%
Liban
28%
République du Congo
28%
Sénégal (Nord)
28%
Sierra Leone
28%
Syrie
28%
Turquie (Asiatique)
28%
Géorgie
27%
Angola (Cabinda)
26%
Grèce
26%
Russie (Crimée)
26%
Russie (Mer Noire)
26%
Ukraine (Mer d'Azov)
26%
Albanie
25%
Bulgarie
25%
Monténégro
25%
Roumanie
25%
Turquie (Européenne)
25%
Ukraine (Mer Noire)
25%
Bosnie-Herzégovine
24%
Croatie (Nord)
24%
Croatie (Sud)
24%
Espagne (Mer Méditerranée)
24%
France
24%
France (Mer Méditerranée)
24%
Italie
24%
Monaco
24%
Slovénie
24%
Allemagne (Mer du Nord)
23%
Belgique
23%
Danemark
23%
Espagne (Golfe de Gascogne)
23%
France (Golfe de Gascogne)
23%
Pays-Bas
23%
Portugal
23%
Allemagne (Mer Baltique)
22%
Pologne
22%
Russie (Arctique Européen)
22%
Russie (Kaliningrad)
22%
Estonie
21%
Finlande
21%
Lettonie
21%
Lituanie
21%
Norvège
21%
Russie (Saint-Pétersbourg)
21%
Suède
21%
Aucun quiz correspondant
Distribution des résultats
% des personnes avec chaque résultat
Percentile par nombre de réponses
Votre historique - résultats
Vous n’avez pas pris ce quiz